|
|
|
|
| LEADER |
00000cas a2200000 a 4500 |
| 001 |
vtls008845045 |
| 003 |
SK-MaSNL |
| 005 |
20260228161400.0 |
| 008 |
060907d20032009xo mr p 0 b0slo |
| 040 |
|
|
|a SNK
|b slo
|c SNK
|e AACR2
|
| 041 |
0 |
|
|a slo
|a hun
|
| 043 |
|
|
|a e-xo---
|
| 044 |
|
|
|a xo
|c SK
|
| 072 |
|
7 |
|a 352/354
|x Stupne miestnej, oblastnej a ústrednej správy
|2 konspekt
|
| 072 |
|
7 |
|a 394
|x Verejný a spoločenský život. Každodenný život
|2 konspekt
|
| 072 |
|
7 |
|a 316.7
|x Sociológia kultúry. Kultúrny život
|2 konspekt
|
| 080 |
|
|
|a 352
|2 2011
|
| 080 |
|
|
|a 394
|2 2011
|
| 080 |
|
|
|a 316.728
|2 2011
|
| 080 |
|
|
|a 050
|2 2011
|
| 080 |
|
|
|a (051)+(054)
|2 2011
|
| 080 |
|
|
|a (437.6)
|2 2011
|
| 245 |
0 |
0 |
|a Kolárovský hlásnik
|b občiansky mesačník
|
| 246 |
1 |
1 |
|a Gútai Hírözön
|
| 260 |
|
|
|a Kolárovo
|b Mestské zastupiteľstvo Kolárovo
|c 2003-2009
|
| 300 |
|
|
|a 7 zv.
|c 30 cm
|
| 310 |
|
|
|a 1x mesačne
|
| 362 |
0 |
|
|a Roč. 1, č. 1 (2003)-roč. 7, č. 2 (február 2009)
|
| 500 |
|
|
|a Text tlačený zvratmo v slovenčine a v maďarčine
|
| 500 |
|
|
|a Podnázov v tiráži: bezplatný miestny mesačník
|
| 500 |
|
|
|a Šéfredaktor: 2003-2009, Mayer János
|
| 500 |
|
|
|a Reg. číslo: OÚ-OVVSaZ/2003-4
|
| 515 |
|
|
|a V r. 2003 č. 4 uvedené ako č. 4-5, správne má byť č. 4-1 (december 2003 - január 2004) ; v r. 2008 uvedené 3-4 číslo, správne má byť 4-5 číslo
|
| 515 |
|
|
|a Niektoré čísla vychádzajú ako dvojčíslo
|
| 546 |
|
|
|a Text aj v maď.
|
| 650 |
0 |
7 |
|a spoločenský život
|2 SNKPH
|9 28654
|
| 650 |
0 |
7 |
|a miestna správa
|2 SNKPH
|9 29496
|
| 651 |
|
7 |
|a Kolárovo (Slovensko)
|2 SNKPHgeo
|9 19149
|
| 655 |
|
7 |
|a miestne periodiká
|2 SNKPH
|9 160938
|
| 700 |
1 |
|
|a Mayer, János
|4 pbd
|9 268523
|
| 785 |
0 |
0 |
|t Kolárovské zvesti
|w vtls010027844
|
| 910 |
|
|
|a snk
|
| 999 |
|
|
|c 5174
|d 7104
|
| 952 |
|
|
|0 0
|1 0
|4 0
|7 0
|8 0
|a SNK
|b SNK
|d 2019-05-24
|i snk2019/14353
|l 0
|o snkČSB 7104/1/2003-2004
|p 17A1367752
|r 2026-02-21 22:07:09
|t č. 1-4/[1]
|w 2026-02-21
|y PREZ
|z Č. uvedené ako č. 4-5, správne má byť č. 4-1
|
| 952 |
|
|
|0 0
|1 0
|4 0
|7 0
|8 0
|a SNK
|b SNK
|d 2019-05-24
|i snk2019/14362
|l 0
|o snkČSB 7104/2/2004-2005
|p 17A1367753
|r 2026-02-21 22:07:09
|t č. 2-12/1, neúplné
|w 2026-02-21
|y PREZ
|z Chýba č. 8
|
| 952 |
|
|
|0 0
|1 0
|4 0
|7 0
|8 0
|a SNK
|b SNK
|d 2019-05-24
|i snk2019/14367
|l 0
|o snkČSB 7104/3/2005-2006
|p 17A1367754
|r 2026-02-21 22:07:09
|t č. 2-12/1, neúplné
|w 2026-02-21
|y PREZ
|z Chýba č. 12/1
|
| 952 |
|
|
|0 0
|1 0
|4 0
|7 0
|8 0
|a SNK
|b SNK
|d 2019-05-24
|i snk2019/14383
|l 0
|o snkČSB 7104/4/2006-2007
|p 17A1367755
|r 2026-02-21 22:07:09
|t č. 2-12/1
|w 2026-02-21
|y PREZ
|
| 952 |
|
|
|0 0
|1 0
|4 0
|7 0
|8 0
|a SNK
|b SNK
|d 2019-05-24
|i snk2019/14389
|l 0
|o snkČSB 7104/5/2007-2008
|p 17A1367757
|r 2026-02-21 22:07:09
|t č. 2-12/1
|w 2026-02-21
|y PREZ
|
| 952 |
|
|
|0 0
|1 0
|4 0
|7 0
|8 0
|a SNK
|b SNK
|d 2019-05-24
|i snk2019/14392
|l 0
|o snkČSB 7104/6/2008-2009
|p 17A1367756
|r 2026-02-21 22:07:09
|t č. 2-12/1
|w 2026-02-21
|y PREZ
|z Uvedené 3-4 číslo, správne má byť 4-5 číslo
|
| 952 |
|
|
|0 0
|1 0
|4 0
|7 0
|8 0
|a SNK
|b SNK
|d 2019-05-24
|i snk2019/14397
|l 0
|o snkČSB 7104/7/2009
|p 17A1367758
|r 2026-02-21 22:07:09
|t č. 2
|w 2026-02-21
|y PREZ
|